000 01103nam0a22002651 4500
001 rc\4256718
005 20250612031525.0
021 _aRU
_b[64-84807]
035 _a(NLR Aleph) 008479519
090 _a7981260
_c7981260
100 _a20130416d1964 |||y0rusy50 ca
101 0 _arus
102 _aRU
105 _aab z |||||
200 1 _aБелградская операция
_eКоллектив советских и югослав. авторов
_fПод общ. ред. Маршала Советского Союза С.С. Бирюзова, ген.-полк. югослав. Нар. армии Раде Хамовича
210 _aМосква
_cВоениздат
_d1964
215 _a287 с., 16 л. ил., карт.
_d21
606 _aБелградская операция 1944 г.
_2psbo
702 1 _aХамович
_bР.
_gРаде
_4340
702 1 _4080
_7ca
_8rus
_aБирюзов
_bС. С.
_f1904-1964
_gСергей Семенович
_9259313
_3RU\NLR\AUTH\770259369
801 0 _aRU
_bNLR
_gpsbo
801 1 _aRU
_bELAR
_2rusmarc
852 _aNLR
_j64-3/6462
942 _cBOOK
980 _aNB